Busiest airports in the Caribbean - Statistics

General Stats
  • This quiz has been taken 62 times
  • The average score is 11 of 15
Answer Stats
Country City % Correct
Cuba Havana
100%
Bahamas Nassau
98%
Jamaica Kingston
95%
Puerto Rico San Juan
95%
Dominican Republic Santo Domingo
95%
Haiti Port-au-Prince
89%
Trinidad and Tobago Port of Spain
88%
Barbados Bridgetown
79%
Jamaica Montego Bay
77%
Dominican Republic Punta Cana
73%
Curacao Willemstad
46%
Aruba Oranjestad
43%
Dominican Republic Santiago
38%
US Virgin Islands Saint Thomas
34%
Guadeloupe Pointe-a-Pitre
21%
No matching quizzes found
Score Distribution
Percent of People with Each Score
Percentile by Number Answered
Your Score History
You have not taken this quiz